ARRUPE JESUIT UNIVERSITY

CORONAVIRUS -STOP THE SPREAD - CLEAN,DISINFECT,COVER

Religion and world history; (Record no. 131470)

MARC details
000 -LEADER
fixed length control field 00525nam a22001577a 4500
008 - FIXED-LENGTH DATA ELEMENTS--GENERAL INFORMATION
fixed length control field 220519b |||||||| |||| 00| 0 eng d
020 ## - INTERNATIONAL STANDARD BOOK NUMBER
International Standard Book Number 0385095511.
050 ## - LIBRARY OF CONGRESS CALL NUMBER
Classification number BL80.2.D35 1975
100 ## - MAIN ENTRY--PERSONAL NAME
Personal name Oliver, James and Scott, Christina
Dates associated with a name 1975.
9 (RLIN) 51696
245 ## - TITLE STATEMENT
Title Religion and world history;
Remainder of title a selection from the works of Christopher Dawson
Statement of responsibility, etc James, Oliver and Christina Scott
300 ## - PHYSICAL DESCRIPTION
Extent 351p,;
Dimensions 18cm.
650 ## - SUBJECT ADDED ENTRY--TOPICAL TERM
Topical term or geographic name as entry element religious
9 (RLIN) 51697
650 ## - SUBJECT ADDED ENTRY--TOPICAL TERM
Topical term or geographic name as entry element church history
650 ## - SUBJECT ADDED ENTRY--TOPICAL TERM
Topical term or geographic name as entry element civilization,modern
942 ## - ADDED ENTRY ELEMENTS (KOHA)
Source of classification or shelving scheme Library of Congress Classification
Item type Monograph ( Printed materials)
Holdings
Withdrawn status Lost status Source of classification or shelving scheme Damaged status Not for loan Collection code Home library Current library Date acquired Total Checkouts Full call number Barcode Date last seen Price effective from Koha item type
    Library of Congress Classification     Main Collection ARRUPE LIBRARY ARRUPE LIBRARY 19/05/2022   BL80.2.D35 1975 46600009259 19/05/2022 19/05/2022 Monograph ( Printed materials)

 

Arrupe Library. PO Box MP320 Mt Pleasant, Harare, Zimbabwe
263 242 745411|librarian@aju.ac.zw